Histoire du père Ribadeneyra, disciple de Saint Ignace / (Record no. 162528)
[ view plain ]
| 000 -LEADER | |
|---|---|
| campo de control de longitud fija | 00605nam a2200157 4500 |
| 001 - NÚMERO DE CONTROL | |
| campo de control | 162528 |
| 003 - IDENTIFICADOR DE NÚMERO DE CONTROL | |
| campo de control | ES-MaACL |
| 005 - FECHA Y HORA DE LA ÚLTIMA TRANSACCIÓN | |
| campo de control | 20230906212539.0 |
| 008 - DATOS DE LONGITUD FIJA--INFORMACIÓN GENERAL | |
| campo de control de longitud fija | 950111s1862 fr af |||| | fre d |
| 040 ## - FUENTE DE CATALOGACIÓN | |
| Centro catalogador/agencia de origen | EUS |
| Lengua de catalogación | spa |
| Centro/agencia transcriptor | EUS |
| 100 1# - ENTRADA PRINCIPAL--NOMBRE DE PERSONA | |
| Nombre de persona | Prat, J. M. |
| Títulos y otros términos asociados al nombre | (S.I.) |
| 9 (RLIN) | 131343 |
| 245 10 - MENCIÓN DEL TÍTULO | |
| Título | Histoire du père Ribadeneyra, disciple de Saint Ignace / |
| Mención de responsabilidad, etc. | par le P. J.-M. Prat. |
| 260 ## - PUBLICACIÓN, DISTRIBUCIÓN, ETC. | |
| Lugar de publicación, distribución, etc. | Paris : |
| Nombre del editor, distribuidor, etc. | Victor Palmé, |
| Fecha de publicación, distribución, etc. | 1862 ( |
| Lugar de fabricación/manufactura | Le Mans : |
| Fabricante | Monnoyer frères) |
| 300 ## - DESCRIPCIÓN FÍSICA | |
| Extensión | VII, 643 p., [1] h. de lám. ; |
| Dimensiones | 21 cm. |
| 852 ## - LOCALIZACIÓN | |
| Ubicación | ES-MaACL |
| Nota libre | G-8177 |
| -- | -- Enc. hol. |
| Encuadernación | -- Edic.: añadir T600 Rivadeneyra, Pedro de (S.I.)-Biografías |
| Estatus retirado | Estado de pérdida | Estado de daño | No para préstamo | Colección | Biblioteca de origen | Biblioteca actual | Ubicación en estantería | Fecha de adquisición | Fuente de adquisición | Total de préstamos | Signatura topográfica completa | Código de barras | Visto por última vez | Precio de reemplazo | Tipo de ítem Koha |
|---|---|---|---|---|---|---|---|---|---|---|---|---|---|---|---|
| Libros del s. XIX | Biblioteca del Ateneo de Madrid | Biblioteca del Ateneo de Madrid | Sala Pecera Planta 3 | 17/01/2008 | G-8177 | 1170269 | 23/02/2023 | 23/02/2023 | Libro impreso antiguo |
